[Event "11th Essent op"]
[Site "Hoogeveen NED"]
[Date "2007.10.15"]
[Round "4.37"]
[White "Borg, Andrew"]
[Black "Van Kooten, Luuk"]
[Result "1/2-1/2"]
[WhiteElo "2116"]
[BlackElo "2283"]
[EventDate "2007.10.12"]
[PlyCount "55"]

1.Nf3 Nf6 2.c4 g6 3.Nc3 d5 4.cxd5 Nxd5 5.g3 Bg7 6.Bg2 O-O 7.O-O Nc6 8.d4 
Nb6 9.e3 Re8 10.h3 a5 11.b3 a4 12.Nxa4 Nxa4 13.bxa4 Na5 14.Ba3 Nc4 15.Bb4 
Nb2 16.Qb3 Nxa4 17.Rad1 Be6 18.d5 Bd7 19.Rd2 Qc8 20.h4 h6 21.Rc1 Qb8 22.
Nd4 Be5 23.f4 Bd6 24.e4 Qa7 25.Kh2 Qb6 26.Bxd6 exd6 27.Qxb6 cxb6 28.Nb3 
1/2-1/2

[Event "11th Essent op"]
[Site "Hoogeveen NED"]
[Date "2007.10.15"]
[Round "4.38"]
[White "Potze, Rudolf"]
[Black "Galje, Hans"]
[Result "1/2-1/2"]
[WhiteElo "2137"]
[BlackElo "2143"]
[EventDate "2007.10.12"]
[PlyCount "110"]

1.e4 e6 2.d4 d5 3.e5 c5 4.c3 Nc6 5.Nf3 Bd7 6.a3 f6 7.Bd3 fxe5 8.dxe5 Qc7 
9.O-O O-O-O 10.Re1 Nh6 11.c4 d4 12.Bg5 Re8 13.Nbd2 Nf7 14.Bf4 Be7 15.h4 
Reg8 16.Ng5 Nxg5 17.hxg5 Rf8 18.g3 h5 19.Nf3 h4 20.Kg2 Nd8 21.Be4 Bc6 22.
Qe2 hxg3 23.fxg3 Bxe4 24.Qxe4 Qc6 25.b4 cxb4 26.axb4 Bxb4 27.Nxd4 Qxe4+ 
28.Rxe4 a6 29.Rb1 Be7 30.Nf3 Nc6 31.Nh4 Rd8 32.Ng6 Rhe8 33.Be3 Rd3 34.Nf4 
Rd7 35.Nh5 Bd8 36.g6 Bc7 37.Bf4 Rg8 38.Bg5 Nxe5 39.Rbe1 Nd3 40.Rf1 Nc5 41.
Re2 e5 42.Rf7 Ne6 43.Be7 Rd4 44.c5 Rg4 45.Bd6 Rg5 46.Bxc7 Nxc7 47.Nxg7 
Rxg6 48.Nf5 Kb8 49.Rxe5 Re6 50.Re7 Rxe5 51.Rxe5 Re8 52.Rxe8+ Nxe8 53.Kf3 
Kc7 54.Ke3 Kc6 55.Kd4 Nf6 1/2-1/2

[Event "11th Essent op"]
[Site "Hoogeveen NED"]
[Date "2007.10.16"]
[Round "5.1"]
[White "Postny, Evgeny"]
[Black "Werle, Jan"]
[Result "1-0"]
[WhiteElo "2598"]
[BlackElo "2568"]
[EventDate "2007.10.12"]
[PlyCount "49"]

1.d4 Nf6 2.c4 e6 3.g3 d5 4.Nf3 Bb4+ 5.Bd2 Be7 6.Bg2 O-O 7.O-O c6 8.Bf4 b6 
9.Nc3 Bb7 10.Rc1 Nh5 11.Be5 Nd7 12.cxd5 exd5 13.e4 f6 14.exd5 cxd5 15.Bc7 
Qxc7 16.Nh4 Nf4 17.gxf4 Qb8 18.Nxd5 Bd6 19.Qb3 Rf7 20.Nf5 Kf8 21.Rfe1 g6 
22.Nh6 Rg7 23.Nc7 Bxc7 24.Bxb7 Qxb7 25.Qa3+ 1-0

[Event "11th Essent op"]
[Site "Hoogeveen NED"]
[Date "2007.10.16"]
[Round "5.2"]
[White "Winants, Luc"]
[Black "Nijboer, Friso"]
[Result "1/2-1/2"]
[WhiteElo "2504"]
[BlackElo "2559"]
[EventDate "2007.10.12"]
[PlyCount "49"]

1.d4 Nf6 2.Nf3 g6 3.Bg5 Bg7 4.Nbd2 d6 5.e4 c5 6.dxc5 dxc5 7.Bc4 Nc6 8.O-O 
h6 9.Bh4 Nh5 10.c3 O-O 11.a4 Qc7 12.Re1 Na5 13.Ba2 Rd8 14.Bg3 Nxg3 15.hxg3
c4 16.Qe2 Be6 17.Nd4 Bxd4 18.cxd4 Rxd4 19.Qe3 Rd3 20.Qxh6 Qe5 21.Nf3 Qh5 
22.Qf4 Kg7 23.g4 Qc5 24.Rac1 Rad8 25.e5 1/2-1/2

[Event "11th Essent op"]
[Site "Hoogeveen NED"]
[Date "2007.10.16"]
[Round "5.4"]
[White "Hillarp Persson, Tiger"]
[Black "Grooten, Herman"]
[Result "0-1"]
[WhiteElo "2567"]
[BlackElo "2350"]
[EventDate "2007.10.12"]
[PlyCount "56"]

1.e4 c5 2.Nf3 d6 3.d4 cxd4 4.Nxd4 Nf6 5.Nc3 a6 6.Be3 e6 7.Qd2 Be7 8.f3 Nc6
9.g4 O-O 10.O-O-O Nxd4 11.Bxd4 b5 12.g5 Nd7 13.h4 Rb8 14.Be3 Qa5 15.Kb1 b4
16.Ne2 Nc5 17.Nd4 Bb7 18.h5 Rfd8 19.g6 Bf6 20.gxf7+ Kxf7 21.Rg1 Na4 22.Bh3
Nc3+ 23.bxc3 bxc3 24.Nb3 Bxe4 25.Qc1 Rxb3+ 26.axb3 Rb8 27.fxe4 Rxb3+ 28.
cxb3 c2+ 0-1

[Event "11th Essent op"]
[Site "Hoogeveen NED"]
[Date "2007.10.16"]
[Round "5.6"]
[White "Simutowe, Amon"]
[Black "Reinderman, Dimitri"]
[Result "1/2-1/2"]
[WhiteElo "2421"]
[BlackElo "2510"]
[EventDate "2007.10.12"]
[PlyCount "23"]

1.e4 c5 2.c4 Nc6 3.Ne2 e5 4.Nbc3 g6 5.d3 Bg7 6.Nd5 Nge7 7.h4 h5 8.Bg5 Qa5+
9.Bd2 Qd8 10.Bg5 Qa5+ 11.Bd2 Qd8 12.Bg5 1/2-1/2

[Event "11th Essent op"]
[Site "Hoogeveen NED"]
[Date "2007.10.16"]
[Round "5.8"]
[White "Pijpers, Arthur"]
[Black "Smerdon, David"]
[Result "0-1"]
[WhiteElo "2000"]
[BlackElo "2466"]
[EventDate "2007.10.12"]
[PlyCount "98"]

1.e4 e6 2.d4 d5 3.Nc3 Nf6 4.e5 Nfd7 5.f4 c5 6.Nf3 Nc6 7.Be3 a6 8.Qd2 cxd4 
9.Nxd4 Bc5 10.O-O-O Nxd4 11.Bxd4 b5 12.Qf2 Qc7 13.Bd3 b4 14.Ne2 a5 15.Bxc5
Qxc5 16.Qxc5 Nxc5 17.Nd4 Ba6 18.Bb5+ Ke7 19.Kd2 Bxb5 20.Nxb5 Rhc8 21.Nd6 
Rc6 22.Rhf1 f6 23.Rde1 Rb8 24.Rf3 Nd7 25.Rh3 fxe5 26.fxe5 Rf8 27.Rhe3 Nxe5
28.Rxe5 Rxd6 29.Kd3 Rf2 30.R1e2 Rf1 31.Re1 Rf2 32.R1e2 Rf1 33.Re1 Rxe1 34.
Rxe1 Rc6 35.Re2 Rc4 36.c3 Kd6 37.cxb4 Rxb4 38.b3 e5 39.Rf2 e4+ 40.Ke3 a4 
41.bxa4 Rxa4 42.Rf7 Ra3+ 43.Kf4 e3 44.Kf3 d4 45.Rxg7 Rxa2 46.Rg8 Rf2+ 47.
Kg3 Rf5 48.Rd8+ Kc5 49.Re8 d3 0-1

[Event "11th Essent op"]
[Site "Hoogeveen NED"]
[Date "2007.10.16"]
[Round "5.9"]
[White "Abergel, Thal"]
[Black "Ris, Robert"]
[Result "1-0"]
[WhiteElo "2528"]
[BlackElo "2381"]
[EventDate "2007.10.12"]
[PlyCount "93"]

1.e4 Nf6 2.e5 Nd5 3.d4 d6 4.c4 Nb6 5.f4 dxe5 6.fxe5 Nc6 7.Be3 Bf5 8.Nc3 e6
9.Nf3 Bg4 10.Be2 Bxf3 11.gxf3 Qh4+ 12.Bf2 Qf4 13.c5 Nd5 14.Nxd5 exd5 15.
Qd2 Qxd2+ 16.Kxd2 Ne7 17.Bd3 g6 18.Bh4 Kd7 19.Bf6 Rg8 20.f4 Nf5 21.Bxf5+ 
gxf5 22.Rag1 Be7 23.Bxe7 Kxe7 24.Rg3 Rg6 25.Ke3 Rag8 26.Kf3 Rg4 27.Rhg1 
R4g6 28.Rg5 Ke6 29.R1g3 h6 30.Rh5 Rh8 31.Rhh3 Rh7 32.b4 a6 33.a4 Ke7 34.
Rh5 Ke6 35.b5 a5 36.c6 bxc6 37.bxc6 Rhg7 38.Rgh3 Rh7 39.Rxf5 Kxf5 40.Rh5+ 
Ke6 41.f5+ Ke7 42.fxg6 fxg6 43.Rh3 Rh8 44.Kg4 Rb8 45.Rxh6 Rb4 46.Rxg6 
Rxd4+ 47.Kf5 1-0

[Event "11th Essent op"]
[Site "Hoogeveen NED"]
[Date "2007.10.16"]
[Round "5.10"]
[White "Vedder, Richard"]
[Black "Safarli, Eltaj"]
[Result "1/2-1/2"]
[WhiteElo "2297"]
[BlackElo "2488"]
[EventDate "2007.10.12"]
[PlyCount "93"]

1.e4 c5 2.Nf3 Nc6 3.Bb5 g6 4.O-O Bg7 5.c3 Nf6 6.e5 Nd5 7.d4 cxd4 8.cxd4 
O-O 9.Nc3 Nc7 10.Bf4 d6 11.exd6 exd6 12.Bxc6 bxc6 13.Bg5 f6 14.Be3 Be6 15.
Qd2 g5 16.Ne1 Nd5 17.Nxd5 Bxd5 18.Nd3 a5 19.f4 h6 20.b3 Qd7 21.Nb2 Rae8 
22.Na4 Qg4 23.Rae1 f5 24.Nc3 Be4 25.Nxe4 Rxe4 26.h3 Qh5 27.fxg5 hxg5 28.
Bxg5 Bxd4+ 29.Kh1 Be5 30.Bf4 Qe8 31.Bh6 Rf7 32.Qxa5 Qe6 33.Bc1 d5 34.Qd8+ 
Kh7 35.Qg5 Qg6 36.Rxe4 Qxg5 37.Bxg5 dxe4 38.Bf4 Bd4 39.Re1 c5 40.g3 Rd7 
41.Kg2 Bc3 42.Rc1 Rd3 43.Kf1 Bd4 44.Ke2 Rf3 45.Rf1 Rc3 46.Rc1 Rf3 47.Rf1 
1/2-1/2

[Event "11th Essent op"]
[Site "Hoogeveen NED"]
[Date "2007.10.16"]
[Round "5.11"]
[White "Visser, Yge"]
[Black "Erwich, Frank"]
[Result "1-0"]
[WhiteElo "2470"]
[BlackElo "2346"]
[EventDate "2007.10.12"]
[PlyCount "59"]

1.Nf3 Nf6 2.g3 b6 3.Bg2 Bb7 4.O-O e6 5.d3 d5 6.Nbd2 Be7 7.e4 O-O 8.e5 Nfd7
9.Re1 c5 10.Nf1 Nc6 11.h4 Qc7 12.Bf4 Rae8 13.N1h2 Bd8 14.c3 Qb8 15.Ng5 
Bxg5 16.hxg5 Ne7 17.Qh5 d4 18.Ng4 Bxg2 19.Kxg2 Qb7+ 20.Re4 g6 21.Qh3 h5 
22.Nf6+ Nxf6 23.gxf6 Nd5 24.Qh4 Kh7 25.Rh1 Rh8 26.Qg5 Kg8 27.g4 h4 28.Rxh4
Nxf4+ 29.Kg3 Rh7 30.Kxf4 1-0

[Event "11th Essent op"]
[Site "Hoogeveen NED"]
[Date "2007.10.16"]
[Round "5.12"]
[White "Peng, Zhaoqin"]
[Black "Christensen, Stefan"]
[Result "1-0"]
[WhiteElo "2419"]
[BlackElo "2304"]
[EventDate "2007.10.12"]
[PlyCount "59"]

1.d4 Nf6 2.c4 e6 3.g3 Bb4+ 4.Bd2 Qe7 5.Bg2 Nc6 6.Nf3 Bxd2+ 7.Nbxd2 d6 8.
O-O O-O 9.e4 e5 10.d5 Nb8 11.Ne1 Ne8 12.Nd3 f5 13.f4 fxe4 14.Nxe4 Nd7 15.
Qb3 exf4 16.Nxf4 Nc5 17.Nxc5 dxc5 18.Rae1 Qd8 19.Qe3 Nd6 20.Qxc5 b6 21.Qd4
Qf6 22.Qxf6 Rxf6 23.b3 Kf8 24.h4 Bd7 25.Kh2 a5 26.Bh3 Rd8 27.Be6 Be8 28.g4
Ke7 29.g5 Rf8 30.Bg4+ 1-0

[Event "11th Essent op"]
[Site "Hoogeveen NED"]
[Date "2007.10.16"]
[Round "5.13"]
[White "Ruijgrok, Dennis"]
[Black "Van Delft, Merijn"]
[Result "0-1"]
[WhiteElo "2330"]
[BlackElo "2418"]
[EventDate "2007.10.12"]
[PlyCount "94"]

1.e4 c5 2.Nf3 d6 3.d4 cxd4 4.Nxd4 Nf6 5.Nc3 g6 6.Be3 Bg7 7.f3 O-O 8.Qd2 
Nc6 9.O-O-O d5 10.exd5 Nxd5 11.Nxc6 bxc6 12.Bd4 Nxc3 13.Qxc3 Bh6+ 14.Be3 
Bxe3+ 15.Qxe3 Qb6 16.Qxe7 Be6 17.Qa3 Qf2 18.Qa5 Rab8 19.b3 Rfe8 20.h4 h5 
21.Qc3 Rbd8 22.Bd3 Qxg2 23.Be4 Rxd1+ 24.Rxd1 Bd5 25.Bxd5 cxd5 26.Rxd5 Qh1+
27.Kb2 Qxh4 28.b4 Qf4 29.b5 Kh7 30.Rd4 Qg5 31.a4 Re3 32.f4 Qe7 33.Rd7 Qxd7
34.Qxe3 h4 35.f5 Qxf5 36.Qxa7 h3 37.Qd4 h2 38.Qh4+ Qh5 39.Qf6 h1=Q 40.
Qxf7+ Kh6 41.Qf4+ Qg5 42.Qf8+ Kh5 43.Qh8+ Qh6 44.Qe5+ Kg4 45.Qe6+ Kg3 46.
Qd6+ Kf2 47.Qg3+ Kxg3 0-1

[Event "11th Essent op"]
[Site "Hoogeveen NED"]
[Date "2007.10.16"]
[Round "5.14"]
[White "Willemze, Thomas"]
[Black "Miedema, David"]
[Result "1-0"]
[WhiteElo "2417"]
[BlackElo "2303"]
[EventDate "2007.10.12"]
[PlyCount "107"]

1.d4 Nf6 2.Nf3 e6 3.c4 b6 4.e3 Bb7 5.Bd3 d5 6.O-O Be7 7.Nc3 O-O 8.cxd5 
exd5 9.b3 Re8 10.Bb2 c6 11.Re1 Nbd7 12.Rc1 Bb4 13.a3 Bd6 14.b4 b5 15.e4 
Bf4 16.Rc2 dxe4 17.Nxe4 a5 18.Bc1 Bxc1 19.Rxc1 axb4 20.axb4 Nxe4 21.Bxe4 
Ra4 22.Qb3 Nf6 23.Ne5 Qe7 24.Bb1 Rxb4 25.Qc3 Qd6 26.Ba2 Re7 27.Rcd1 Ra4 
28.Bb3 Nd5 29.Bxd5 Qxd5 30.Nd3 Rxe1+ 31.Rxe1 g6 32.Nc5 Rc4 33.Qe3 Bc8 34.
Qe8+ Kg7 35.Qxc8 Rxd4 36.Na6 Rd1 37.Qe8 Qd2 38.Qe5+ Kh6 39.Kf1 Rxe1+ 40.
Qxe1 Qd3+ 41.Kg1 Qd4 42.h4 Kg7 43.Nc7 b4 44.Qe7 Kg8 45.Ne8 b3 46.Nf6+ Kg7 
47.Nd7 Kh6 48.Ne5 Qf4 49.Nxf7+ Kh5 50.Qc5+ g5 51.Nxg5 b2 52.Nh3+ Kg4 53.
f3+ Kxh4 54.Qe7+ 1-0

[Event "11th Essent op"]
[Site "Hoogeveen NED"]
[Date "2007.10.16"]
[Round "5.15"]
[White "Rasmussen, Allan Stig"]
[Black "Vuilleumier, Alexandre"]
[Result "1-0"]
[WhiteElo "2485"]
[BlackElo "2315"]
[EventDate "2007.10.12"]
[PlyCount "59"]

1.e4 c5 2.d3 d5 3.Be2 e5 4.f4 dxe4 5.dxe4 Qxd1+ 6.Bxd1 Nc6 7.Nf3 Bd6 8.f5 
g6 9.fxg6 hxg6 10.c3 f6 11.Na3 Be6 12.Be3 O-O-O 13.Ba4 Nge7 14.Nb5 b6 15.
Nxd6+ Rxd6 16.Bb5 Kc7 17.O-O Rhd8 18.Be2 Na5 19.b3 Bc8 20.Rac1 Nac6 21.Rc2
f5 22.Ng5 Rf8 23.Rd2 Rxd2 24.Bxd2 Nd8 25.Bc4 Kc6 26.Nf3 b5 27.Nxe5+ Kd6 
28.Bf4 g5 29.Rd1+ Kc7 30.Bxg5 1-0

[Event "11th Essent op"]
[Site "Hoogeveen NED"]
[Date "2007.10.16"]
[Round "5.17"]
[White "Kodentsov, Grigori"]
[Black "Pruijssers, Roeland"]
[Result "1/2-1/2"]
[WhiteElo "2307"]
[BlackElo "2408"]
[EventDate "2007.10.12"]
[PlyCount "55"]

1.e4 e5 2.Nf3 Nc6 3.Bb5 a6 4.Ba4 Nf6 5.O-O Be7 6.Re1 b5 7.Bb3 d6 8.c3 O-O 
9.h3 Nb8 10.d4 Nbd7 11.Nbd2 Bb7 12.Bc2 Re8 13.Nf1 Bf8 14.Ng3 g6 15.a4 c5 
16.d5 Nb6 17.a5 Nc4 18.b4 cxb4 19.cxb4 Bg7 20.Ra2 Rf8 21.Nd2 Rc8 22.Nxc4 
Rxc4 23.Bd2 Ne8 24.Bd3 Rc8 25.Rc2 Qd7 26.Qg4 Qxg4 27.hxg4 Rxc2 28.Bxc2 
1/2-1/2

[Event "11th Essent op"]
[Site "Hoogeveen NED"]
[Date "2007.10.16"]
[Round "5.18"]
[White "Okkes, Menno"]
[Black "Pel, Bonno"]
[Result "0-1"]
[WhiteElo "2386"]
[BlackElo "2280"]
[EventDate "2007.10.12"]
[PlyCount "74"]

1.e4 d6 2.d4 g6 3.Nc3 Nf6 4.f4 Bg7 5.Nf3 O-O 6.Bd3 Na6 7.O-O c5 8.d5 Rb8 
9.f5 Qa5 10.fxg6 fxg6 11.Kh1 Bg4 12.Bd2 Nd7 13.Be2 Qb4 14.h3 Bxf3 15.Bxf3 
c4 16.Rb1 Ne5 17.Ne2 Qa4 18.Nf4 Nc7 19.Be2 Qxa2 20.Bc3 Nb5 21.Ra1 Nxc3 22.
bxc3 Qb2 23.Qd2 Nd7 24.Rxa7 Bxc3 25.Qd1 Be5 26.Ne6 Rxf1+ 27.Qxf1 Nf6 28.
Bf3 Qxc2 29.Ra3 c3 30.Qe1 Qb2 31.Ra1 c2 32.Rc1 Rc8 33.Qd2 Kf7 34.Qh6 Ke8 
35.Bg4 Nxg4 36.hxg4 Qxc1+ 37.Qxc1 Bb2 0-1

[Event "11th Essent op"]
[Site "Hoogeveen NED"]
[Date "2007.10.16"]
[Round "5.19"]
[White "Vedder, Henk"]
[Black "Hamelink, Desiree"]
[Result "1-0"]
[WhiteElo "2364"]
[BlackElo "2202"]
[EventDate "2007.10.12"]
[PlyCount "97"]

1.e4 c5 2.Nf3 e6 3.Nc3 a6 4.d4 cxd4 5.Nxd4 b5 6.Bd3 Qb6 7.Nb3 Qc7 8.O-O 
Bb7 9.a3 Nf6 10.f4 d6 11.Qf3 Nbd7 12.Be3 Be7 13.Nd4 O-O 14.Rae1 Rfe8 15.
Kh1 Bf8 16.Qh3 Nc5 17.Bg1 Nfd7 18.Nf3 Nxd3 19.cxd3 Nc5 20.Nd4 e5 21.Nf5 
Ne6 22.Be3 f6 23.Rc1 Qf7 24.Qg4 Kh8 25.Nh4 exf4 26.Bxf4 Nxf4 27.Qxf4 Rad8 
28.Nf3 Qb3 29.Rf2 Qe6 30.Re2 g5 31.Qg3 Qg8 32.d4 Bh6 33.Rce1 Qc4 34.d5 a5 
35.Qf2 b4 36.axb4 axb4 37.Nd1 Rc8 38.Nd4 Bg7 39.Ne6 Ba6 40.Rd2 Qb5 41.Ne3 
Qb6 42.Qg3 Bf8 43.Rf2 Be7 44.Nf5 Qa7 45.h4 Rg8 46.Ra1 Ra8 47.Rxa6 Qxa6 48.
Nxe7 Rge8 49.Qf3 1-0

[Event "11th Essent op"]
[Site "Hoogeveen NED"]
[Date "2007.10.16"]
[Round "5.20"]
[White "Tondivar, Babak"]
[Black "Van Apeldoorn, Janton"]
[Result "1/2-1/2"]
[WhiteElo "2353"]
[BlackElo "2188"]
[EventDate "2007.10.12"]
[PlyCount "106"]

1.d4 Nf6 2.c4 c5 3.d5 e6 4.Nc3 exd5 5.cxd5 d6 6.Nf3 g6 7.g3 Bg7 8.Bg2 O-O 
9.O-O Re8 10.Nd2 a6 11.a4 Nbd7 12.a5 Rb8 13.Nc4 Ne5 14.Nb6 Ned7 15.Nc4 Ne5
16.Nb6 Ned7 17.Nxc8 Qxc8 18.Qc2 b5 19.axb6 Rxb6 20.h3 Qb7 21.Rd1 Rb4 22.
Ra2 Ne5 23.f4 Nc4 24.e4 Nh5 25.Kh2 Rb8 26.e5 dxe5 27.d6 Qd7 28.Nd5 exf4 
29.gxf4 Bd4 30.b3 Nxd6 31.Nxb4 Rxb4 32.Rxa6 Qe7 33.Rxd4 Rxd4 34.Qxc5 Qf6 
35.Qe5 Qxe5 36.fxe5 Nf5 37.e6 fxe6 38.Rxe6 Kf7 39.Rc6 Nhg3 40.Rc7+ Ke6 41.
Rxh7 Ne2 42.Bg5 Rb4 43.Rb7 Rxb7 44.Bxb7 Nd6 45.Bf3 Nd4 46.Bd1 Ne4 47.Be3 
Kd5 48.Bxd4 Kxd4 49.Bc2 Nd2 50.Kg3 Nxb3 51.Kf4 Nd2 52.Bxg6 Nf3 53.Bf7 Kc5 
1/2-1/2

[Event "11th Essent op"]
[Site "Hoogeveen NED"]
[Date "2007.10.16"]
[Round "5.21"]
[White "Afek, Yochanan"]
[Black "Van Opheusden, Bas"]
[Result "1-0"]
[WhiteElo "2350"]
[BlackElo "2149"]
[EventDate "2007.10.12"]
[PlyCount "59"]

1.e4 c5 2.c3 d5 3.exd5 Qxd5 4.d4 cxd4 5.cxd4 Nc6 6.Nf3 e5 7.Nc3 Bb4 8.Bd2 
Bxc3 9.Bxc3 e4 10.Ne5 Nxe5 11.dxe5 Ne7 12.Qe2 Be6 13.Rd1 Qc6 14.Rd6 Qa4 
15.b3 Qa3 16.Qd2 Qc5 17.Bd4 Qc7 18.Bb5+ Nc6 19.O-O O-O 20.Rc1 Rac8 21.Bxa7
Qe7 22.Bxc6 bxc6 23.Bc5 Rfe8 24.Rxc6 Rcd8 25.Bd6 Qh4 26.b4 Ra8 27.R1c2 Ra3
28.R6c3 Rxc3 29.Rxc3 Ra8 30.a3 1-0

[Event "11th Essent op"]
[Site "Hoogeveen NED"]
[Date "2007.10.16"]
[Round "5.22"]
[White "Mamedjarova, Zeinab"]
[Black "Akotchik, Victor"]
[Result "1/2-1/2"]
[WhiteElo "2342"]
[BlackElo "2015"]
[EventDate "2007.10.12"]
[PlyCount "109"]

1.d4 d5 2.c4 e6 3.Nf3 c6 4.e3 Bd6 5.Nc3 f5 6.Be2 Nd7 7.Rb1 Ngf6 8.O-O Ne4 
9.Ne1 O-O 10.Nxe4 fxe4 11.f4 exf3 12.Nxf3 Nf6 13.Bd3 Qe8 14.Qe1 Qh5 15.Qh4
Qxh4 16.Nxh4 Bd7 17.Nf3 Rae8 18.Bd2 Re7 19.b4 Be8 20.c5 Bb8 21.a4 a6 22.b5
axb5 23.axb5 Ne4 24.Bb4 e5 25.Ra1 exd4 26.Nxd4 Rxf1+ 27.Bxf1 Bd7 28.bxc6 
bxc6 29.Ra6 Nf6 30.Rb6 Re8 31.g3 Rc8 32.Ba6 Re8 33.Nxc6 Bxc6 34.Rxc6 Rxe3 
35.Rc8+ Re8 36.Rxe8+ Nxe8 37.Bb7 Nf6 38.Kf2 Kf7 39.Ke2 Bc7 40.Kd3 Ke6 41.
Bc8+ Ke7 42.Kd4 h5 43.Bd2 h4 44.Be1 hxg3 45.hxg3 g5 46.g4 Bh2 47.Bd2 Bg1+ 
48.Be3 Bxe3+ 49.Kxe3 Kd8 50.Bf5 Kc7 51.Kd4 Kc6 52.Be6 Kb5 53.Ke5 Nxg4+ 54.
Bxg4 Kxc5 55.Kf6 1/2-1/2

[Event "11th Essent op"]
[Site "Hoogeveen NED"]
[Date "2007.10.16"]
[Round "5.23"]
[White "Otte, Marijn Willem"]
[Black "De Jong, Migchiel"]
[Result "1/2-1/2"]
[WhiteElo "2155"]
[BlackElo "2341"]
[EventDate "2007.10.12"]
[PlyCount "91"]

1.e4 e6 2.d4 d5 3.Nd2 c5 4.exd5 Qxd5 5.Ngf3 cxd4 6.Bc4 Qd6 7.Qe2 Nc6 8.Ne4
Qc7 9.O-O Nf6 10.Rd1 Nxe4 11.Qxe4 Bc5 12.Bf4 Qe7 13.Ne5 Bd7 14.Nxd7 Qxd7 
15.c3 O-O 16.Bb5 Rfd8 17.b4 Bb6 18.c4 Rac8 19.Ba4 d3 20.c5 Bc7 21.Bxc6 
Qxc6 22.Qxc6 bxc6 23.Bxc7 Rxc7 24.f3 Rd4 25.Rab1 f5 26.Kf2 e5 27.Rb3 Rcd7 
28.Ke3 f4+ 29.Kd2 Kf7 30.Rc1 e4 31.fxe4 Rxe4 32.Re1 Rxe1 33.Kxe1 d2+ 34.
Kd1 Ke6 35.a4 a6 36.b5 axb5 37.axb5 cxb5 38.c6 Rd4 39.Rxb5 Kd6 40.Rb7 Kxc6
41.Rxg7 h5 42.Rh7 Rd5 43.Rf7 Rg5 44.Rxf4 Rxg2 45.Rh4 Rg5 46.Kxd2 1/2-1/2

[Event "11th Essent op"]
[Site "Hoogeveen NED"]
[Date "2007.10.16"]
[Round "5.24"]
[White "Ahlers, Ben"]
[Black "Fayard, Alain"]
[Result "1-0"]
[WhiteElo "2190"]
[BlackElo "2360"]
[EventDate "2007.10.12"]
[PlyCount "71"]

1.e4 e5 2.Nf3 Nc6 3.d4 exd4 4.Nxd4 Bc5 5.Be3 Qf6 6.c3 Nge7 7.g3 d5 8.Bg2 
dxe4 9.Nd2 Bxd4 10.cxd4 Bf5 11.Nxe4 Qg6 12.Nc3 Bd3 13.h4 h5 14.Ne2 Bxe2 
15.Qxe2 O-O-O 16.O-O Nd5 17.Rac1 Rhe8 18.Rxc6 Qxc6 19.Qxh5 Qe6 20.Bd2 Qe2 
21.Qf5+ Qe6 22.Qd3 Kb8 23.Re1 Qd7 24.Rc1 c6 25.b4 Qe7 26.Re1 Qd7 27.Rb1 
Nc7 28.Be3 Nd5 29.Bd2 Nf6 30.Bf4+ Ka8 31.Be3 Ng4 32.b5 Nxe3 33.bxc6 Qxd4 
34.Qxd4 Rxd4 35.fxe3 Rxe3 36.c7 1-0

[Event "11th Essent op"]
[Site "Hoogeveen NED"]
[Date "2007.10.16"]
[Round "5.25"]
[White "Van Kooten, Luuk"]
[Black "Van Weersel, Arlette"]
[Result "1/2-1/2"]
[WhiteElo "2283"]
[BlackElo "2174"]
[EventDate "2007.10.12"]
[PlyCount "31"]

1.d4 Nf6 2.c4 e6 3.Nc3 Bb4 4.e3 O-O 5.Bd3 d5 6.a3 Bd6 7.Nf3 c5 8.O-O Nbd7 
9.cxd5 exd5 10.h3 b6 11.e4 dxe4 12.Nxe4 Be7 13.dxc5 Nxc5 14.Nxc5 Bxc5 15.
b4 Bd6 16.Bb2 1/2-1/2

[Event "11th Essent op"]
[Site "Hoogeveen NED"]
[Date "2007.10.16"]
[Round "5.26"]
[White "Hendriks, Richard V"]
[Black "Schuurman, Petra"]
[Result "0-1"]
[WhiteElo "2125"]
[BlackElo "2281"]
[EventDate "2007.10.12"]
[PlyCount "72"]

1.e4 c6 2.Nc3 d5 3.f4 dxe4 4.Nxe4 Nf6 5.Nf2 Qc7 6.g3 Be6 7.Nf3 Bd5 8.Bg2 
e6 9.Nd3 Nbd7 10.b3 O-O-O 11.Bb2 h5 12.Qe2 Bxf3 13.Bxf3 Qa5 14.O-O h4 15.
g4 h3 16.Kh1 Ba3 17.Bc3 Qc7 18.b4 Nd5 19.Rab1 Nxc3 20.dxc3 Nb6 21.Nc5 Nd5 
22.Rb3 Bc1 23.Rxc1 Qxf4 24.Rd1 Ne3 25.Rxd8+ Rxd8 26.Nd3 Qg5 27.Rb1 Nxc2 
28.b5 Na3 29.Re1 Nxb5 30.Qc2 Qf6 31.Qe2 Nxc3 32.Qf1 Nb5 33.Ne5 Rd2 34.Nxc6
bxc6 35.Rc1 Qf4 36.Rxc6+ Kd7 0-1

[Event "11th Essent op"]
[Site "Hoogeveen NED"]
[Date "2007.10.16"]
[Round "5.27"]
[White "Bok, Benjamin"]
[Black "Markus, John Raymond"]
[Result "1-0"]
[WhiteElo "2115"]
[BlackElo "2264"]
[EventDate "2007.10.12"]
[PlyCount "77"]

1.e4 e5 2.Nf3 Nc6 3.Bb5 a6 4.Ba4 d6 5.c3 Bd7 6.O-O Nge7 7.d4 Ng6 8.Be3 Be7
9.Nbd2 O-O 10.Re1 h6 11.h3 Bg5 12.Nxg5 hxg5 13.d5 Nb8 14.Bxd7 Nxd7 15.g3 
f6 16.Qg4 Qe8 17.b4 Qf7 18.c4 Rfe8 19.Nb3 Ngf8 20.Kg2 g6 21.h4 gxh4 22.
Qxh4 f5 23.Rh1 Qh7 24.Bh6 fxe4 25.Nd2 Qf7 26.Bxf8 Kxf8 27.Nxe4 Qg7 28.Ng5 
Nf6 29.Ne6+ Rxe6 30.dxe6 Nh5 31.Qe4 Re8 32.Qxb7 Rxe6 33.Qxa6 e4 34.Qc8+ 
Re8 35.Qg4 Qc3 36.Rae1 Nf6 37.Qxg6 Qf3+ 38.Kg1 Re5 39.Re3 1-0

[Event "11th Essent op"]
[Site "Hoogeveen NED"]
[Date "2007.10.16"]
[Round "5.28"]
[White "Hulshof, Peter"]
[Black "Van den Berg, Ad"]
[Result "1-0"]
[WhiteElo "2163"]
[BlackElo "2248"]
[EventDate "2007.10.12"]
[PlyCount "51"]

1.e4 c5 2.Nc3 e6 3.g3 d5 4.exd5 exd5 5.Bg2 Nf6 6.d3 d4 7.Ne4 Nxe4 8.dxe4 
Be7 9.Ne2 O-O 10.O-O Nc6 11.Nf4 a5 12.Nd5 Be6 13.c4 dxc3 14.bxc3 b5 15.Bf4
Ra7 16.Nxe7+ Nxe7 17.Qh5 Qc8 18.Bd6 f5 19.Rfe1 Rf7 20.Qg5 Ng6 21.exf5 Rxf5
22.Qe3 Bd7 23.Be4 Rh5 24.Qf3 Bg4 25.Bd5+ Kh8 26.Qxg4 1-0

[Event "11th Essent op"]
[Site "Hoogeveen NED"]
[Date "2007.10.16"]
[Round "5.29"]
[White "Van der Leest, Bert"]
[Black "Sadallah, Osama"]
[Result "0-1"]
[WhiteElo "2199"]
[BlackElo "2108"]
[EventDate "2007.10.12"]
[PlyCount "44"]

1.e4 c5 2.Nf3 Nc6 3.d4 cxd4 4.Nxd4 e5 5.Nb5 a6 6.Nd6+ Bxd6 7.Qxd6 Qf6 8.
Qc7 Nge7 9.Nc3 Nb4 10.Bd3 d5 11.f4 Qh4+ 12.g3 Nxd3+ 13.cxd3 Qh3 14.Kf2 Bg4
15.exd5 Ng6 16.Qxb7 O-O 17.d6 exf4 18.Bxf4 Rab8 19.Qe4 Rfe8 20.Qc6 Rxb2+ 
21.Kg1 Rc8 22.Qd5 Nxf4 0-1

[Event "11th Essent op"]
[Site "Hoogeveen NED"]
[Date "2007.10.16"]
[Round "5.30"]
[White "Klein, David"]
[Black "Hedke, Fred"]
[Result "1/2-1/2"]
[WhiteElo "2086"]
[BlackElo "2323"]
[EventDate "2007.10.12"]
[PlyCount "72"]

1.e4 e5 2.Nf3 Nc6 3.d4 exd4 4.Nxd4 g6 5.Be3 Bg7 6.Nc3 d6 7.Be2 Nf6 8.Qd2 
O-O 9.O-O-O Nxd4 10.Bxd4 Be6 11.h4 a6 12.h5 b5 13.Bf3 c5 14.Be3 b4 15.Nd5 
Bxd5 16.exd5 Qa5 17.Kb1 Rfe8 18.Bh6 Bh8 19.hxg6 fxg6 20.Qf4 Re5 21.g4 Qc7 
22.g5 Nd7 23.Bg4 Nf8 24.Qg3 Rae8 25.Bxf8 Kxf8 26.Be6 Qg7 27.Qf3+ Rf5 28.
Qb3 Rxg5 29.Rh3 Qe7 30.Rf3+ Bf6 31.Rh1 Re5 32.Rfh3 h5 33.Qd3 Kg7 34.f4 
Rxe6 35.dxe6 Qxe6 36.a4 c4 1/2-1/2

[Event "11th Essent op"]
[Site "Hoogeveen NED"]
[Date "2007.10.16"]
[Round "5.31"]
[White "Pg, Mohd Omar Ak Hirawa"]
[Black "Potze, Rudolf"]
[Result "1-0"]
[WhiteElo "2316"]
[BlackElo "2137"]
[EventDate "2007.10.12"]
[PlyCount "114"]

1.e4 c5 2.Nf3 Nc6 3.d4 cxd4 4.Nxd4 Nf6 5.Nc3 e5 6.Ndb5 d6 7.Bg5 a6 8.Na3 
b5 9.Nd5 Be7 10.Bxf6 Bxf6 11.c3 O-O 12.Nc2 Rb8 13.h4 a5 14.Nce3 Be7 15.a4 
b4 16.Bb5 Na7 17.cxb4 Nxb5 18.axb5 axb4 19.Nxb4 Rxb5 20.Nc6 Qe8 21.Nd5 Bd8
22.Na7 Rb8 23.Nxc8 Rxc8 24.O-O Rb8 25.Qg4 Qe6 26.Qg3 Rxb2 27.Ra8 f5 28.Qc3
Rb7 29.Qc4 Rbf7 30.exf5 Qd7 31.f6 Bxf6 32.Rxf8+ Kxf8 33.Rb1 g6 34.h5 Kg7 
35.hxg6 hxg6 36.Rb8 Bg5 37.Nc3 Qa7 38.Rb2 Qa3 39.Rb1 Qa5 40.Qd3 Be7 41.Nd5
Qc5 42.Ne3 Bh4 43.g3 Bg5 44.Ng4 Rc7 45.Rd1 Rd7 46.Qe4 Rf7 47.Rd5 Qa3 48.
Rb5 Qc1+ 49.Kg2 Qc8 50.Rb6 Qf5 51.Qe2 Rd7 52.Rb8 Bf6 53.Rg8+ Kh7 54.Rf8 
Kg7 55.Rxf6 Qxf6 56.Nxf6 Kxf6 57.Qf3+ Kg7 1-0

[Event "11th Essent op"]
[Site "Hoogeveen NED"]
[Date "2007.10.16"]
[Round "5.32"]
[White "Rooda, Kai P"]
[Black "Middelveld, Martine"]
[Result "1-0"]
[WhiteElo "2146"]
[BlackElo "2009"]
[EventDate "2007.10.12"]
[PlyCount "41"]

1.d4 e6 2.Nf3 d5 3.c4 c5 4.cxd5 exd5 5.Nc3 Nc6 6.dxc5 d4 7.Na4 Bxc5 8.Nxc5
Qa5+ 9.Bd2 Qxc5 10.Rc1 Qb6 11.e3 dxe3 12.Bxe3 Qxb2 13.Bc4 Qb4+ 14.Kf1 Nge7
15.Bc5 Qa5 16.Ng5 Be6 17.Bxe6 fxe6 18.Nxe6 Kf7 19.Qb3 b6 20.Nc7+ Kg6 21.
Qe6+ 1-0